000 00894nam a22002297a 4500
005 20250502143621.0
008 250502b |||||||| |||| 00| 0 eng d
020 _a978-81-237-7096-3 (pbk)
037 _cTB
040 _aAL
_cAL
041 _2pun
_apun
084 _aO153,3x Q4
_qAL
245 _aਕਿਸਾਨੀ ਜੀਵਨ ਦੀ ਪੰਜਾਬੀ ਕਹਾਣੀ
260 _aਦਿੱਲੀ, ਭਾਰਤ:
_bਨੈਸ਼ਨਲ ਬੁੱਕ ਟ੍ਰਸਟ,
_c2014.
300 _a477 ਪ.
365 _b380.00
_cINR
650 _aਪੰਜਾਬੀ ਸਾਹਿਤ
650 _aਪੰਜਾਬੀ ਕਹਾਣੀ
700 _aਰਵੀ ਰਵਿੰਦਰ
_eਸਮਪਾਦਕ
_9753764
942 _2CC
_cTB
_hO153,3x Q4
_n0
999 _c1309947
_d1309947